000 00938nam a2200277 a 4500
001 4295364
003 ARRUPE
005 20140221144144.0
008 860702s1985 rh 000 0 eng
010 _a 85981613
040 _aDLC
_cDLC
_dDLC
043 _af------
_ad------
050 0 0 _aHX438.5
_b.A45 1985
082 0 0 _a335.43/096
_219
245 0 0 _aAfrica's guide to scientific socialism /
_cedited by Mulele A. Kader ; with an introduction by H.S.M. Ushewokunze.
260 _aHarare, Zimbabwe :
_bNehanda Publishers,
_cc1985.
300 _aii, 80 p. ;
_c20 x 12 cm.
440 0 _aNehanda political science series ;
_vvol. 1
_98887
600 1 0 _aMarx, Karl,
_d1818-1883.
_98888
650 0 _aCommunism
_zAfrica.
_98889
650 0 _aCommunism
_zDeveloping countries.
_98890
650 0 _aCommunism.
_98891
700 1 _aKader, Mulele A.
_98892
906 _a7
_bcbc
_corignew
_d3
_encip
_f19
_gy-gencatlg
942 _2lcc
_cMONOGRAPH
999 _c120148
_d120148